<?xml version="1.0" encoding="UTF-8"?><?xml-stylesheet type="text/xsl" href="static/style.xsl"?><OAI-PMH xmlns="http://www.openarchives.org/OAI/2.0/" xmlns:xsi="http://www.w3.org/2001/XMLSchema-instance" xsi:schemaLocation="http://www.openarchives.org/OAI/2.0/ http://www.openarchives.org/OAI/2.0/OAI-PMH.xsd"><responseDate>2026-04-13T13:09:55Z</responseDate><request verb="GetRecord" identifier="oai:www.recercat.cat:2117/392666" metadataPrefix="marc">https://recercat.cat/oai/request</request><GetRecord><record><header><identifier>oai:recercat.cat:2117/392666</identifier><datestamp>2025-07-22T22:23:59Z</datestamp><setSpec>com_2072_1033</setSpec><setSpec>col_2072_452951</setSpec></header><metadata><record xmlns="http://www.loc.gov/MARC21/slim" xmlns:dcterms="http://purl.org/dc/terms/" xmlns:xsi="http://www.w3.org/2001/XMLSchema-instance" xmlns:doc="http://www.lyncode.com/xoai" xsi:schemaLocation="http://www.loc.gov/MARC21/slim http://www.loc.gov/standards/marcxml/schema/MARC21slim.xsd">
   <leader>00925njm 22002777a 4500</leader>
   <datafield ind2=" " ind1=" " tag="042">
      <subfield code="a">dc</subfield>
   </datafield>
   <datafield ind2=" " ind1=" " tag="720">
      <subfield code="a">Jané i Gutiérrez, Miranda</subfield>
      <subfield code="e">author</subfield>
   </datafield>
   <datafield ind2=" " ind1=" " tag="720">
      <subfield code="a">Serra Arroyo, Irena Yi</subfield>
      <subfield code="e">author</subfield>
   </datafield>
   <datafield ind2=" " ind1=" " tag="260">
      <subfield code="c">2023-07-19</subfield>
   </datafield>
   <datafield ind2=" " ind1=" " tag="520">
      <subfield code="a">Aquest projecte té com a objectiu proporcionar una resposta adequada per a la recuperació del paisatge del Maresme. A través d’un exhaustiu anàlisi del territori, es proposa la creació d’un itinerari ciclable que travessa els quatre municipis: Calella, Pineda de Mar, Santa Susanna i Malgrat de Mar. Aquest recorregut s’adapta a un territori on la mobilitat en vehicles de motor és preferent. Un punt clau d’aquest recorregut permet identificar un dels punts estratègics en el territori: Les Pobles. El projecte aborda la transformació i rehabilitació d’una parcel·la coneguda com a Les Pobles, acull part del programa de festivitats del centre cultural Can Ratés i implementa la ceràmica de l’Anna Fonoll com a programa permanent. D’aquesta manera es crea un nou fluxe de gent que amb una sèrie d’intervencions a la riera que potencia l’eix cultural: es revitalitza la flora i fauna i s’estableix un programa integrat que combina natura, cultura, educació i esport. És a dir, es creen estacions catalitzadores que captin l’interès del públic i facilitin l’accés a la costa de Santa Susanna i al passeig marítim de l’Alt Maresme. Es posa un èmfasi especial en la promoció de la mobilitat sostenible, fomentant l’ús de mitjans de transport com caminar i la bicicleta tant dins de la nostra parcel·la com en l’accés a la mateixa</subfield>
   </datafield>
   <datafield ind2=" " ind1=" " tag="520">
      <subfield code="a">The aim of this project is to provide a suitable response for the recovery of the Maresme landscape. Through an exhaustive analysis of the territory, it is proposed the creation of a cycling itinerary that runs through the four municipalities: Calella, Pineda de Mar, Santa Susanna and Malgrat de Mar. This route is adapted to a territory where the mobility in motor vehicles is preferential. A key point of this cut allows to identify one of the strategic points in the territory: Les Pobles. The project tackles the transformation and rehabilitation of a plot of land known as Les Pobles, is part of the festivities programme of the cultural centre Can Ratés and implements the ceramics of l’Anna Fonoll as a permanent programme. In this way, a new flow of people is created with a series of interventions on the riverbank that strengthen the cultural axis: the flora and fauna are revitalised and an integrated programme is established that combines nature, culture, education and sport. In other words, catalyst stations are created that capture the public’s interest and facilitate access to the coast of Santa Susanna and the Alt Maresme promenade. A special emphasis is placed on the promotion of sustainable mobility, encouraging the use of means of transport such as walking and cycling both within our area and in access to it.</subfield>
   </datafield>
   <datafield tag="653" ind2=" " ind1=" ">
      <subfield code="a">Àrees temàtiques de la UPC::Urbanisme::Aspectes socials</subfield>
   </datafield>
   <datafield tag="653" ind2=" " ind1=" ">
      <subfield code="a">Àrees temàtiques de la UPC::Arquitectura::Tipologies d'edificis</subfield>
   </datafield>
   <datafield tag="653" ind2=" " ind1=" ">
      <subfield code="a">Bicycle trails--Catalonia (Spain)</subfield>
   </datafield>
   <datafield tag="653" ind2=" " ind1=" ">
      <subfield code="a">Art centres--Santa Susanna (Spain)</subfield>
   </datafield>
   <datafield tag="653" ind2=" " ind1=" ">
      <subfield code="a">Transformació urbanística</subfield>
   </datafield>
   <datafield tag="653" ind2=" " ind1=" ">
      <subfield code="a">Infraestructures culturals</subfield>
   </datafield>
   <datafield tag="653" ind2=" " ind1=" ">
      <subfield code="a">Revitalització paisatgística</subfield>
   </datafield>
   <datafield tag="653" ind2=" " ind1=" ">
      <subfield code="a">Accessibilitat costanera</subfield>
   </datafield>
   <datafield tag="653" ind2=" " ind1=" ">
      <subfield code="a">Potencialitats territorials</subfield>
   </datafield>
   <datafield tag="653" ind2=" " ind1=" ">
      <subfield code="a">Millora de l’entorn urbà</subfield>
   </datafield>
   <datafield tag="653" ind2=" " ind1=" ">
      <subfield code="a">Intervenció arquitectònica</subfield>
   </datafield>
   <datafield tag="653" ind2=" " ind1=" ">
      <subfield code="a">Vies ciclistes--Maresme (Catalunya)</subfield>
   </datafield>
   <datafield tag="653" ind2=" " ind1=" ">
      <subfield code="a">Centres d'art--Santa Susanna (Catalunya)</subfield>
   </datafield>
   <datafield ind2="0" ind1="0" tag="245">
      <subfield code="a">Les Pobles: una via pedalable que uneix i transforma el territori, resolent una ròtula de l'Alt Maresme amb la implementació d'un nou centre de ceràmica al municipi de Santa Susanna</subfield>
   </datafield>
</record></metadata></record></GetRecord></OAI-PMH>